000 00735nam a2200241 i 4500
001 bg
100 1 _aDarski, Józef
_d(1941- ).
245 1 0 _aLinguistisches Analysemodell :
_bDefinitionen grundlegender grammatischer Begriffe /
_cJózef Darski.
260 _aPoznań :
_bWydaw. Naukowe UAM,
_c1987.
300 _a141 s. ;
_c24 cm.
490 1 _aFilologia Germańska
_x0554-8152 ;
_vnr 28
504 _aBibliogr.
650 9 _aGramatyka
_xzagadnienia
650 9 _aJęzyk niemiecki
_xgramatyka
830 _aFilologia Germańska
_x0554-8152 ;
020 _a8323200025
040 _cBPK
041 0 _ager
080 _a81'36:811.112.2'36
920 _a83-232-0002-5
942 _cKS
008 s pl f |000 0 pol
999 _c45574
_d45574